[Event "C18"]
[Site "?"]
[Date "2016.08.10"]
[Round "14.2"]
[White "Szostko, Jakub"]
[Black "Molenda, Marcin"]
[Result "0-1"]
[LiveChessVersion "1.4.8"]
[BlackElo "2187"]
[WhiteElo "2157"]

1. e4 {[%clk 0:03:03]} e5 {[%clk 0:02:59]} 2. Nf3 {[%clk 0:03:04]} Nc6
{[%clk 0:03:01]} 3. Bb5 {[%clk 0:03:06]} a6 {[%clk 0:03:02]} 4. Ba4
{[%clk 0:03:07]} Nf6 {[%clk 0:03:03]} 5. O-O {[%clk 0:03:08]} b5 {[%clk 0:02:58]}
6. Bb3 {[%clk 0:03:09]} Nxe4 {[%clk 0:02:58]} 7. d4 {[%clk 0:03:06]} d5
{[%clk 0:02:59]} 8. dxe5 {[%clk 0:03:07]} Be6 {[%clk 0:03:00]} 9. Nbd2
{[%clk 0:03:08]} Nc5 {[%clk 0:03:01]} 10. c3 {[%clk 0:03:09]} Nd3
{[%clk 0:03:02]} 11. Bc2 {[%clk 0:03:05]} Ndxe5 {[%clk 0:03:02]} 12. Nxe5
{[%clk 0:03:02]} Nxe5 {[%clk 0:03:03]} 13. Re1 {[%clk 0:03:01]} Ng6
{[%clk 0:02:53]} 14. Bf5 {[%clk 0:02:57]} Qf6 {[%clk 0:02:43]} 15. Bxe6
{[%clk 0:02:53]} fxe6 {[%clk 0:02:44]} 16. Qg4 {[%clk 0:02:54]} e5
{[%clk 0:02:11]} 17. a4 bxa4 {[%clk 0:01:50]} 18. Qxa4+ {[%clk 0:02:38]} c6
{[%clk 0:01:51]} 19. Qb3 {[%clk 0:02:36]} Bc5 {[%clk 0:01:46]} 20. Nf3
{[%clk 0:02:31]} O-O {[%clk 0:01:46]} 21. Ra5 {[%clk 0:02:22]} Bd6
{[%clk 0:01:34]} 22. Be3 {[%clk 0:02:19]} e4 {[%clk 0:01:33]} 23. Nd4
{[%clk 0:02:21]} Bf4 {[%clk 0:01:22]} 24. Bxf4 {[%clk 0:02:02]} Nxf4
{[%clk 0:01:21]} 25. f3 {[%clk 0:01:36]} exf3 {[%clk 0:01:11]} 26. Qc2
{[%clk 0:01:13]} f2+ {[%clk 0:01:09]} 27. Kxf2 {[%clk 0:01:08]} Nd3+
{[%clk 0:01:01]} 28. Ke2 {[%clk 0:01:10]} Nxe1 {[%clk 0:01:00]} 29. Kxe1
{[%clk 0:01:10]} Qf1+ {[%clk 0:01:00]} 0-1

[Event "C18"]
[Site "?"]
[Date "2016.08.10"]
[Round "14.3"]
[White "Piotrowski, Przemyslaw"]
[Black "Smieszek, Wojciech"]
[Result "1-0"]
[LiveChessVersion "1.4.8"]
[BlackElo "2042"]
[WhiteElo "2131"]

1. Nf3 {[%clk 0:03:03]} Nf6 {[%clk 0:03:03]} 2. g3 {[%clk 0:03:05]} c5
{[%clk 0:03:04]} 3. Bg2 {[%clk 0:03:06]} Nc6 {[%clk 0:03:05]} 4. O-O
{[%clk 0:03:07]} d5 {[%clk 0:03:06]} 5. d4 {[%clk 0:03:08]} cxd4 {[%clk 0:02:57]}
6. Nxd4 {[%clk 0:03:09]} g6 {[%clk 0:02:58]} 7. c4 {[%clk 0:03:10]} Bg7
{[%clk 0:02:50]} 8. Nc3 {[%clk 0:03:11]} e6 {[%clk 0:02:37]} 9. Bg5
{[%clk 0:03:00]} h6 {[%clk 0:02:32]} 10. Be3 {[%clk 0:02:41]} O-O
{[%clk 0:02:23]} 11. cxd5 {[%clk 0:02:42]} Nxd5 {[%clk 0:02:19]} 12. Nxd5
{[%clk 0:02:40]} exd5 {[%clk 0:02:19]} 13. Nxc6 {[%clk 0:02:36]} bxc6
{[%clk 0:02:20]} 14. Bd4 {[%clk 0:02:38]} Bf5 {[%clk 0:01:50]} 15. Rc1
{[%clk 0:02:36]} Qd7 {[%clk 0:01:49]} 16. Bxg7 {[%clk 0:02:33]} Kxg7
{[%clk 0:01:50]} 17. Qd4+ {[%clk 0:02:31]} Kg8 {[%clk 0:01:40]} 18. Rfd1
{[%clk 0:02:33]} Rfe8 {[%clk 0:01:33]} 19. e4 {[%clk 0:02:27]} Bg4
{[%clk 0:01:26]} 20. Rd2 {[%clk 0:02:22]} Rad8 {[%clk 0:01:18]} 21. h3
{[%clk 0:02:00]} Bxh3 {[%clk 0:01:09]} 22. Bxh3 {[%clk 0:01:50]} Qxh3
{[%clk 0:01:10]} 23. Rxc6 {[%clk 0:01:44]} dxe4 {[%clk 0:00:52]} 24. Qxd8
{[%clk 0:01:44]} Rxd8 {[%clk 0:00:54]} 25. Rxd8+ {[%clk 0:01:45]} Kg7
{[%clk 0:00:54]} 26. Rc3 {[%clk 0:01:31]} Qe6 {[%clk 0:00:55]} 27. a3
{[%clk 0:01:25]} Qb6 {[%clk 0:00:53]} 28. Rd2 {[%clk 0:01:21]} h5
{[%clk 0:00:50]} 29. Re3 {[%clk 0:01:18]} f5 {[%clk 0:00:49]} 30. Rc3
{[%clk 0:01:15]} h4 {[%clk 0:00:44]} 31. gxh4 {[%clk 0:01:12]} Qf6
{[%clk 0:00:41]} 32. Rc7+ {[%clk 0:01:09]} Kg8 {[%clk 0:00:30]} 33. Rc8+
{[%clk 0:01:00]} Kf7 {[%clk 0:00:26]} 34. Rd7+ {[%clk 0:01:00]} 1-0

[Event "C18"]
[Site "?"]
[Date "2016.08.10"]
[Round "14.4"]
[White "Jarmula, Lukasz"]
[Black "Kindler, Przemyslaw"]
[Result "1-0"]
[LiveChessVersion "1.4.8"]
[BlackElo "1985"]
[WhiteElo "2162"]

1. e4 {[%clk 0:02:59]} d6 {[%clk 0:03:03]} 2. d4 Nf6 3. Nc3 {[%clk 0:03:01]} g6
{[%clk 0:03:03]} 4. f4 Bg7 5. Nf3 {[%clk 0:03:00]} c5 {[%clk 0:03:03]} 6. dxc5
{[%clk 0:02:56]} Qa5 {[%clk 0:02:58]} 7. Bd3 {[%clk 0:02:55]} Qxc5
{[%clk 0:02:58]} 8. Qe2 {[%clk 0:02:56]} a6 {[%clk 0:02:49]} 9. Be3
{[%clk 0:02:56]} Qc7 {[%clk 0:02:50]} 10. h3 {[%clk 0:02:54]} h5 {[%clk 0:02:46]}
11. O-O {[%clk 0:02:52]} O-O {[%clk 0:02:46]} 12. e5 {[%clk 0:02:45]} dxe5
{[%clk 0:01:59]} 13. fxe5 Nh7 14. Nd5 Qa5 15. Nb6 {[%clk 0:02:19]} Ra7
{[%clk 0:02:03]} 16. Nxc8 {[%clk 0:02:20]} Rxc8 {[%clk 0:02:03]} 17. Bxa7
{[%clk 0:02:20]} Nc6 {[%clk 0:01:55]} 18. Bf2 {[%clk 0:02:19]} Nxe5
{[%clk 0:01:51]} 19. Nxe5 {[%clk 0:02:20]} Bxe5 {[%clk 0:01:52]} 20. Rae1
{[%clk 0:02:18]} Bf6 {[%clk 0:01:47]} 21. c3 {[%clk 0:02:15]} Kg7
{[%clk 0:01:38]} 22. Bd4 {[%clk 0:02:14]} Rd8 {[%clk 0:01:31]} 23. Bc4
{[%clk 0:02:11]} Rd7 {[%clk 0:01:17]} 24. Bxf7 {[%clk 0:02:02]} e5
{[%clk 0:00:52]} 25. Be6 {[%clk 0:01:39]} Re7 {[%clk 0:00:51]} 26. Bxe5
{[%clk 0:01:38]} 1-0

[Event "C18"]
[Site "?"]
[Date "2016.08.10"]
[Round "14.5"]
[White "Nowak, Kamil"]
[Black "Kanicki, Krzysztof"]
[Result "1/2-1/2"]
[LiveChessVersion "1.4.8"]
[BlackElo "2067"]
[WhiteElo "1821"]

1. d4 {[%clk 0:03:03]} d5 {[%clk 0:03:03]} 2. c4 {[%clk 0:03:05]} c6
{[%clk 0:03:04]} 3. Nf3 {[%clk 0:03:06]} Nf6 4. Nc3 e6 {[%clk 0:03:06]} 5. Bg5
{[%clk 0:03:08]} Be7 {[%clk 0:02:54]} 6. e3 {[%clk 0:03:09]} Ne4 {[%clk 0:02:36]}
7. Nxe4 {[%clk 0:02:59]} dxe4 {[%clk 0:02:36]} 8. Bxe7 {[%clk 0:03:00]} Qxe7
{[%clk 0:02:37]} 9. Nd2 {[%clk 0:03:01]} f5 {[%clk 0:02:38]} 10. c5
{[%clk 0:02:53]} O-O {[%clk 0:02:30]} 11. Be2 {[%clk 0:02:42]} Nd7
{[%clk 0:02:12]} 12. Nc4 {[%clk 0:02:39]} b6 {[%clk 0:02:07]} 13. b4
{[%clk 0:02:35]} Ba6 {[%clk 0:01:50]} 14. O-O {[%clk 0:02:13]} Bxc4
{[%clk 0:01:01]} 15. Bxc4 {[%clk 0:02:14]} b5 {[%clk 0:01:03]} 16. Bb3
{[%clk 0:02:10]} a5 {[%clk 0:00:56]} 17. a3 {[%clk 0:02:06]} Nf6 {[%clk 0:00:56]}
18. f3 {[%clk 0:01:59]} exf3 {[%clk 0:00:47]} 19. Qxf3 {[%clk 0:01:56]} Nd5
{[%clk 0:00:48]} 20. Bxd5 {[%clk 0:01:43]} exd5 {[%clk 0:00:47]} 21. Qf4
{[%clk 0:01:36]} Qe6 {[%clk 0:00:46]} 22. Rfe1 {[%clk 0:01:24]} Ra7
{[%clk 0:00:47]} 23. Rab1 {[%clk 0:01:14]} g6 {[%clk 0:00:37]} 24. Rb3
{[%clk 0:00:54]} axb4 {[%clk 0:00:34]} 25. axb4 {[%clk 0:00:55]} Ra2
{[%clk 0:00:35]} 26. h4 {[%clk 0:00:41]} Qe4 {[%clk 0:00:34]} 27. Qxe4
{[%clk 0:00:38]} fxe4 {[%clk 0:00:35]} 28. Rf1 {[%clk 0:00:32]} Rxf1+
{[%clk 0:00:33]} 29. Kxf1 {[%clk 0:00:33]} h5 {[%clk 0:00:22]} 30. Kg1
{[%clk 0:00:21]} Kg7 {[%clk 0:00:22]} 31. Kh2 {[%clk 0:00:22]} Kf6
{[%clk 0:00:21]} 32. Kg3 {[%clk 0:00:23]} Ra4 {[%clk 0:00:17]} 33. Rb1
{[%clk 0:00:24]} Ra3 {[%clk 0:00:17]} 34. Kf4 {[%clk 0:00:16]} Ra2
{[%clk 0:00:15]} 35. Kg3 {[%clk 0:00:15]} Ra4 {[%clk 0:00:10]} 36. Rf1+
{[%clk 0:00:12]} Ke6 {[%clk 0:00:08]} 37. Rb1 {[%clk 0:00:09]} Kf6
{[%clk 0:00:09]} 38. Rf1+ {[%clk 0:00:09]} Ke6 {[%clk 0:00:10]} 1/2-1/2

[Event "C18"]
[Site "?"]
[Date "2016.08.10"]
[Round "15.1"]
[White "Kucza, Karol"]
[Black "Molenda, Marcin"]
[Result "1-0"]
[LiveChessVersion "1.4.8"]
[BlackElo "2187"]
[WhiteElo "2184"]

1. e4 c5 2. Nf3 Nc6 3. d4 cxd4 4. Nxd4 g6 5. Nc3 Bg7 6. Be3 Nf6 7. Nxc6 bxc6 8.
e5 Ng8 9. Bd4 Qa5 10. Bc4 Bxe5 11. O-O Nf6 12. Re1 Bxd4 13. Qxd4 O-O 14. Rxe7 Kg7
15. Ne4 Qf5 16. Bxf7 Rxf7 17. Rxf7+ Kxf7 18. Nd6+ Kg7 19. Nxf5+ gxf5 20. Re1 1-0

[Event "C18"]
[Site "?"]
[Date "2016.08.10"]
[Round "15.2"]
[White "Jarmula, Lukasz"]
[Black "Niekras, Dawid"]
[Result "0-1"]
[LiveChessVersion "1.4.8"]
[BlackElo "2157"]
[WhiteElo "2162"]

1. e4 {[%clk 0:03:03]} c5 {[%clk 0:03:04]} 2. Nf3 {[%clk 0:03:03]} d6
{[%clk 0:03:05]} 3. d4 {[%clk 0:03:05]} cxd4 {[%clk 0:03:06]} 4. Nxd4
{[%clk 0:03:06]} Nf6 {[%clk 0:03:07]} 5. Nc3 {[%clk 0:03:06]} a6 {[%clk 0:03:08]}
6. Bg5 {[%clk 0:03:07]} e6 {[%clk 0:03:09]} 7. f4 {[%clk 0:03:08]} h6
{[%clk 0:03:10]} 8. Bh4 {[%clk 0:03:10]} Qb6 {[%clk 0:03:12]} 9. Qd2
{[%clk 0:03:11]} Qxb2 {[%clk 0:03:10]} 10. Rb1 {[%clk 0:03:12]} Qa3
{[%clk 0:03:12]} 11. e5 {[%clk 0:03:13]} dxe5 {[%clk 0:03:12]} 12. fxe5
{[%clk 0:03:14]} g5 {[%clk 0:03:12]} 13. exf6 {[%clk 0:03:15]} gxh4
{[%clk 0:03:13]} 14. Be2 {[%clk 0:03:16]} Qa5 {[%clk 0:03:12]} 15. O-O
{[%clk 0:03:12]} Nd7 {[%clk 0:03:05]} 16. Kh1 {[%clk 0:02:38]} Qg5
{[%clk 0:02:43]} 17. Qd3 {[%clk 0:02:35]} Ne5 {[%clk 0:02:14]} 18. Qe4
{[%clk 0:02:23]} h3 {[%clk 0:01:00]} 19. gxh3 {[%clk 0:02:10]} Bc5
{[%clk 0:00:41]} 20. Rf5 {[%clk 0:00:46]} Qd2 {[%clk 0:00:37]} 21. Nb3
{[%clk 0:00:19]} Qxc3 {[%clk 0:00:38]} 22. Nxc5 {[%clk 0:00:12]} exf5
{[%clk 0:00:33]} 23. Qd5 {[%clk 0:00:07]} O-O {[%clk 0:00:23]} 24. Rg1+
{[%clk 0:00:08]} Kh7 {[%clk 0:00:17]} 25. Qg2 {[%clk 0:00:05]} Ng6
{[%clk 0:00:19]} 26. Bh5 {[%clk 0:00:05]} Rg8 {[%clk 0:00:20]} 27. Nd3
{[%clk 0:00:05]} Qd4 {[%clk 0:00:17]} 28. Qf3 {[%clk 0:00:04]} Qe4
{[%clk 0:00:18]} 29. Bxg6+ {[%clk 0:00:04]} Rxg6 {[%clk 0:00:18]} 30. Qxe4
{[%clk 0:00:03]} fxe4 {[%clk 0:00:20]} 31. Nf4 {[%clk 0:00:03]} Rxg1+
{[%clk 0:00:21]} 0-1

[Event "C18"]
[Site "?"]
[Date "2016.08.10"]
[Round "15.3"]
[White "Piotrowski, Przemyslaw"]
[Black "Kanicki, Krzysztof"]
[Result "1-0"]
[LiveChessVersion "1.4.8"]
[BlackElo "2067"]
[WhiteElo "2131"]

1. c4 {[%clk 0:03:03]} c6 {[%clk 0:03:03]} 2. Nf3 {[%clk 0:02:59]} d5
{[%clk 0:03:04]} 3. d4 {[%clk 0:02:59]} Nf6 {[%clk 0:03:04]} 4. g3
{[%clk 0:02:54]} Bf5 {[%clk 0:02:52]} 5. Bg2 {[%clk 0:02:55]} e6 {[%clk 0:02:53]}
6. O-O {[%clk 0:02:55]} Be7 {[%clk 0:02:51]} 7. b3 {[%clk 0:02:55]} h6
{[%clk 0:02:50]} 8. Bb2 {[%clk 0:02:56]} Nbd7 {[%clk 0:02:49]} 9. Nc3
{[%clk 0:02:52]} O-O {[%clk 0:02:48]} 10. Rc1 {[%clk 0:02:53]} Re8
{[%clk 0:02:46]} 11. Nd2 {[%clk 0:02:44]} a5 {[%clk 0:02:44]} 12. e4
{[%clk 0:02:43]} dxe4 {[%clk 0:02:45]} 13. Ndxe4 {[%clk 0:02:44]} Nxe4
{[%clk 0:02:42]} 14. Bxe4 {[%clk 0:02:36]} Bxe4 {[%clk 0:02:39]} 15. Nxe4
{[%clk 0:02:37]} a4 {[%clk 0:02:27]} 16. Qe2 {[%clk 0:02:26]} Nf6
{[%clk 0:02:13]} 17. Rfd1 {[%clk 0:02:22]} Nxe4 {[%clk 0:01:45]} 18. Qxe4
{[%clk 0:02:23]} Bf6 {[%clk 0:01:22]} 19. b4 {[%clk 0:02:19]} a3 {[%clk 0:01:23]}
20. Bc3 {[%clk 0:02:16]} Qd7 {[%clk 0:01:21]} 21. Rd3 {[%clk 0:02:12]} b5
{[%clk 0:01:11]} 22. Bd2 {[%clk 0:01:55]} Rec8 {[%clk 0:00:51]} 23. Bf4
{[%clk 0:01:50]} h5 {[%clk 0:00:43]} 24. Be5 {[%clk 0:01:50]} Bxe5
{[%clk 0:00:42]} 25. dxe5 {[%clk 0:01:50]} Qb7 {[%clk 0:00:28]} 26. c5
{[%clk 0:01:36]} Rd8 {[%clk 0:00:26]} 27. Rd6 {[%clk 0:01:31]} Rxd6
{[%clk 0:00:16]} 28. cxd6 {[%clk 0:01:32]} Rc8 {[%clk 0:00:15]} 29. Qe3
{[%clk 0:01:34]} Ra8 {[%clk 0:00:10]} 30. Rc3 {[%clk 0:01:28]} g6
{[%clk 0:00:07]} 31. Rxa3 {[%clk 0:01:25]} Rxa3 32. Qxa3 {[%clk 0:01:26]} Kf8
{[%clk 0:00:08]} 33. Qe3 {[%clk 0:01:21]} Ke8 {[%clk 0:00:09]} 34. Qh6
{[%clk 0:01:20]} Qa7 {[%clk 0:00:06]} 35. Qh8+ {[%clk 0:01:17]} Kd7
{[%clk 0:00:07]} 36. Qf8 {[%clk 0:01:16]} Qxa2 {[%clk 0:00:06]} 37. Qe7+
{[%clk 0:01:17]} Kc8 {[%clk 0:00:07]} 38. Qc7# 1-0

[Event "C18"]
[Site "?"]
[Date "2016.08.10"]
[Round "15.4"]
[White "Putlak, Wojciech"]
[Black "Smieszek, Wojciech"]
[Result "0-1"]
[LiveChessVersion "1.4.8"]
[BlackElo "2042"]
[WhiteElo "1939"]

1. d4 Nf6 2. Nf3 c5 3. c3 {[%clk 0:03:05]} g6 {[%clk 0:03:04]} 4. g3
{[%clk 0:03:03]} Bg7 {[%clk 0:03:00]} 5. Bg2 {[%clk 0:03:04]} cxd4
{[%clk 0:02:54]} 6. cxd4 {[%clk 0:03:05]} d5 {[%clk 0:02:53]} 7. Nc3
{[%clk 0:03:05]} O-O {[%clk 0:02:53]} 8. O-O {[%clk 0:03:05]} Ne4
{[%clk 0:02:35]} 9. Nxe4 {[%clk 0:02:59]} dxe4 10. Ne5 Qd5 {[%clk 0:02:21]} 11.
Nd3 {[%clk 0:02:00]} Nc6 {[%clk 0:01:19]} 12. e3 {[%clk 0:02:00]} Bf5
{[%clk 0:01:16]} 13. g4 {[%clk 0:01:36]} Be6 {[%clk 0:01:08]} 14. Nc5
{[%clk 0:01:28]} f5 {[%clk 0:01:01]} 15. Nxe6 {[%clk 0:01:19]} Qxe6
{[%clk 0:01:02]} 16. d5 {[%clk 0:01:20]} Qf6 {[%clk 0:00:44]} 17. dxc6 bxc6 18.
Qb3+ {[%clk 0:01:16]} Kh8 {[%clk 0:00:45]} 19. Bd2 {[%clk 0:01:11]} e5
{[%clk 0:00:38]} 20. Bc3 {[%clk 0:01:07]} Qg5 {[%clk 0:00:38]} 21. gxf5
{[%clk 0:00:59]} gxf5 {[%clk 0:00:39]} 22. Kh1 {[%clk 0:00:54]} Qh4
{[%clk 0:00:40]} 23. f4 {[%clk 0:00:37]} exf3 {[%clk 0:00:37]} 24. Bxf3
{[%clk 0:00:37]} f4 {[%clk 0:00:35]} 25. exf4 {[%clk 0:00:30]} Rxf4
{[%clk 0:00:34]} 26. Bg2 {[%clk 0:00:22]} Rg4 {[%clk 0:00:32]} 27. Rf3
{[%clk 0:00:11]} Rg8 {[%clk 0:00:32]} 28. Rh3 {[%clk 0:00:00]} Qf2
{[%clk 0:00:32]} 0-1

[Event "C18"]
[Site "?"]
[Date "2016.08.10"]
[Round "15.5"]
[White "Chomczyk, Marek"]
[Black "Wacior, Maciej"]
[Result "1-0"]
[LiveChessVersion "1.4.8"]
[BlackElo "2005"]
[WhiteElo "2063"]

1. d4 {[%clk 0:03:03]} d5 {[%clk 0:03:03]} 2. c4 {[%clk 0:03:05]} e6
{[%clk 0:03:04]} 3. Nc3 {[%clk 0:03:06]} Nf6 {[%clk 0:03:05]} 4. cxd5
{[%clk 0:03:05]} exd5 {[%clk 0:03:06]} 5. Bg5 {[%clk 0:03:06]} c6
{[%clk 0:03:07]} 6. e3 {[%clk 0:03:06]} Be7 {[%clk 0:03:07]} 7. Bd3
{[%clk 0:03:07]} O-O {[%clk 0:02:50]} 8. Nge2 {[%clk 0:03:08]} Bg4
{[%clk 0:02:25]} 9. f3 {[%clk 0:03:07]} Bh5 {[%clk 0:02:26]} 10. O-O
{[%clk 0:03:02]} a6 {[%clk 0:02:25]} 11. Qc2 {[%clk 0:02:54]} Bg6
{[%clk 0:02:24]} 12. e4 {[%clk 0:02:53]} dxe4 {[%clk 0:02:06]} 13. fxe4
{[%clk 0:02:54]} c5 {[%clk 0:01:48]} 14. e5 {[%clk 0:02:30]} Nfd7
{[%clk 0:01:37]} 15. Bxe7 Qxe7 {[%clk 0:01:38]} 16. Nd5 {[%clk 0:02:17]} Qd8
{[%clk 0:01:31]} 17. Bxg6 {[%clk 0:01:39]} hxg6 {[%clk 0:01:31]} 18. e6
{[%clk 0:01:34]} fxe6 {[%clk 0:01:28]} 19. Ndf4 {[%clk 0:01:35]} Qg5
{[%clk 0:01:11]} 20. Kh1 {[%clk 0:01:18]} Re8 {[%clk 0:00:51]} 21. Qb3
{[%clk 0:01:14]} c4 {[%clk 0:00:41]} 22. Qxb7 {[%clk 0:01:10]} Nf6
{[%clk 0:00:34]} 23. Qxa8 {[%clk 0:01:02]} Ng4 {[%clk 0:00:35]} 24. h3
{[%clk 0:00:49]} Ne3 {[%clk 0:00:35]} 25. Rf2 Qh4 26. Qf3 {[%clk 0:00:29]} Nc2
{[%clk 0:00:35]} 27. Nxg6 {[%clk 0:00:27]} Qg5 {[%clk 0:00:35]} 28. Qf7+
{[%clk 0:00:27]} 1-0

[Event "C18"]
[Site "?"]
[Date "2016.08.10"]
[Round "16.1"]
[White "Molenda, Marcin"]
[Black "Kucza, Karol"]
[Result "1-0"]
[LiveChessVersion "1.4.8"]
[BlackElo "2184"]
[WhiteElo "2187"]

1. d4 d5 2. c4 c6 3. Nf3 Nf6 4. Qc2 g6 5. Bf4 Bg7 6. e3 Bf5 7. Qb3 Qb6 8. c5 Qxb3
9. axb3 Nbd7 10. h3 O-O 11. b4 a6 12. Nc3 Ne4 13. Be2 Rfe8 14. O-O Rac8 15. g4
Nxc3 16. bxc3 Be4 17. Nd2 e5 18. Bg3 g5 19. Nxe4 dxe4 20. Rfd1 exd4 21. cxd4 Nf6
22. Bc4 Nd5 23. Bxd5 cxd5 24. Rdb1 h5 25. b5 h4 26. Bh2 Re6 27. bxa6 bxa6 28. Rb6
1-0

[Event "C18"]
[Site "?"]
[Date "2016.08.10"]
[Round "16.2"]
[White "Niekras, Dawid"]
[Black "Jarmula, Lukasz"]
[Result "1-0"]
[LiveChessVersion "1.4.8"]
[BlackElo "2162"]
[WhiteElo "2157"]

1. e4 {[%clk 0:03:03]} c5 {[%clk 0:03:04]} 2. Nf3 d6 3. d4 {[%clk 0:03:05]} cxd4
{[%clk 0:03:06]} 4. Nxd4 {[%clk 0:03:06]} Nf6 {[%clk 0:03:07]} 5. Nc3
{[%clk 0:03:07]} a6 {[%clk 0:03:09]} 6. Bc4 {[%clk 0:03:08]} e6 {[%clk 0:03:09]}
7. Bb3 {[%clk 0:03:09]} Be7 {[%clk 0:03:08]} 8. f4 {[%clk 0:03:10]} Qc7
{[%clk 0:02:58]} 9. Qf3 {[%clk 0:02:33]} Nc6 {[%clk 0:02:57]} 10. Be3
{[%clk 0:02:31]} Bd7 {[%clk 0:02:55]} 11. O-O-O {[%clk 0:02:01]} Nxd4
{[%clk 0:02:49]} 12. Bxd4 {[%clk 0:01:53]} Bc6 {[%clk 0:02:33]} 13. g4
{[%clk 0:01:13]} e5 {[%clk 0:01:31]} 14. Be3 {[%clk 0:01:03]} exf4
{[%clk 0:00:58]} 15. Bxf4 {[%clk 0:00:56]} h6 {[%clk 0:00:59]} 16. h4
{[%clk 0:00:41]} O-O-O {[%clk 0:00:51]} 17. g5 {[%clk 0:00:40]} hxg5
{[%clk 0:00:51]} 18. hxg5 {[%clk 0:00:40]} Rxh1 {[%clk 0:00:50]} 19. Rxh1
{[%clk 0:00:40]} Nd7 {[%clk 0:00:49]} 20. Bxf7 {[%clk 0:00:28]} Ne5
{[%clk 0:00:51]} 21. Bxe5 {[%clk 0:00:28]} dxe5 {[%clk 0:00:51]} 22. Qg4+
{[%clk 0:00:20]} Kb8 {[%clk 0:00:50]} 23. Bd5 {[%clk 0:00:21]} Bd7
{[%clk 0:00:48]} 24. Qg3 {[%clk 0:00:20]} Rf8 {[%clk 0:00:25]} 25. Kb1
{[%clk 0:00:18]} Bc5 {[%clk 0:00:22]} 26. Bb3 {[%clk 0:00:11]} Bc6
{[%clk 0:00:19]} 27. Nd5 {[%clk 0:00:11]} Bxd5 {[%clk 0:00:19]} 28. Bxd5
{[%clk 0:00:12]} Bd4 {[%clk 0:00:15]} 29. c3 {[%clk 0:00:13]} Bf2
{[%clk 0:00:11]} 30. Qg2 {[%clk 0:00:12]} Bc5 {[%clk 0:00:08]} 31. Rf1
{[%clk 0:00:13]} Rh8 {[%clk 0:00:06]} 32. a3 {[%clk 0:00:12]} Qb6
{[%clk 0:00:04]} 33. Ka2 {[%clk 0:00:13]} Rf8 {[%clk 0:00:04]} 34. Rxf8+
{[%clk 0:00:13]} Bxf8 {[%clk 0:00:05]} 35. Qf1 {[%clk 0:00:14]} Qd6
{[%clk 0:00:06]} 36. Qf7 {[%clk 0:00:15]} Qe7 {[%clk 0:00:06]} 37. Qxe7
{[%clk 0:00:15]} Bxe7 {[%clk 0:00:07]} 38. g6 {[%clk 0:00:16]} b6
{[%clk 0:00:07]} 39. Kb3 {[%clk 0:00:16]} Kc7 {[%clk 0:00:08]} 40. a4
{[%clk 0:00:17]} a5 {[%clk 0:00:08]} 41. Kc4 {[%clk 0:00:18]} Kd6
{[%clk 0:00:07]} 42. Kb5 {[%clk 0:00:19]} Kc7 {[%clk 0:00:08]} 43. b4
{[%clk 0:00:20]} Kb8 {[%clk 0:00:04]} 44. bxa5 {[%clk 0:00:21]} bxa5
{[%clk 0:00:05]} 45. Kxa5 {[%clk 0:00:22]} Ka7 {[%clk 0:00:05]} 46. Kb5
{[%clk 0:00:23]} Kb8 {[%clk 0:00:05]} 47. Kc6 {[%clk 0:00:23]} Ka7
{[%clk 0:00:05]} 48. Kb5 {[%clk 0:00:23]} Bd8 {[%clk 0:00:04]} 49. a5
{[%clk 0:00:24]} Be7 {[%clk 0:00:05]} 50. c4 {[%clk 0:00:25]} Kb8
{[%clk 0:00:05]} 51. a6 {[%clk 0:00:24]} Ka7 {[%clk 0:00:05]} 52. Bb7
{[%clk 0:00:25]} Bd8 {[%clk 0:00:04]} 53. Kc6 {[%clk 0:00:25]} Ba5
{[%clk 0:00:04]} 54. c5 {[%clk 0:00:26]} Bc7 {[%clk 0:00:04]} 55. Kd7
{[%clk 0:00:24]} Ba5 {[%clk 0:00:04]} 56. Ke6 {[%clk 0:00:18]} Bb4
{[%clk 0:00:05]} 57. Kf7 {[%clk 0:00:18]} Bxc5 {[%clk 0:00:04]} 58. Kxg7
{[%clk 0:00:19]} Bb6 {[%clk 0:00:03]} 59. Kf7 {[%clk 0:00:20]} 1-0

[Event "C18"]
[Site "?"]
[Date "2016.08.10"]
[Round "16.3"]
[White "Kanicki, Krzysztof"]
[Black "Piotrowski, Przemyslaw"]
[Result "0-1"]
[LiveChessVersion "1.4.8"]
[BlackElo "2131"]
[WhiteElo "2067"]

1. e4 {[%clk 0:03:03]} c6 {[%clk 0:03:04]} 2. d4 g6 3. Nc3 {[%clk 0:02:58]} Bg7
{[%clk 0:03:06]} 4. Nf3 {[%clk 0:03:00]} d5 {[%clk 0:03:07]} 5. h3
{[%clk 0:03:01]} dxe4 {[%clk 0:03:08]} 6. Nxe4 {[%clk 0:03:02]} Nf6
{[%clk 0:03:09]} 7. Nxf6+ {[%clk 0:02:54]} exf6 {[%clk 0:03:10]} 8. Bc4
{[%clk 0:02:47]} O-O {[%clk 0:03:11]} 9. O-O {[%clk 0:02:48]} Nd7
{[%clk 0:03:11]} 10. c3 {[%clk 0:02:44]} Nb6 {[%clk 0:03:12]} 11. Bb3
{[%clk 0:02:45]} a5 {[%clk 0:03:12]} 12. a4 {[%clk 0:02:39]} Be6 {[%clk 0:03:06]}
13. Bf4 {[%clk 0:02:24]} Re8 {[%clk 0:02:46]} 14. Re1 {[%clk 0:02:22]} Qd7
{[%clk 0:02:41]} 15. Qc2 {[%clk 0:02:01]} Nc4 {[%clk 0:02:34]} 16. Re2
{[%clk 0:01:57]} b5 {[%clk 0:02:15]} 17. Rae1 {[%clk 0:01:48]} Bf5
{[%clk 0:02:11]} 18. Qc1 {[%clk 0:01:43]} Bf8 {[%clk 0:02:03]} 19. Nd2
{[%clk 0:01:31]} Bd3 {[%clk 0:01:39]} 20. Rxe8 {[%clk 0:00:58]} Rxe8
{[%clk 0:01:40]} 21. Rxe8 {[%clk 0:00:41]} Qxe8 {[%clk 0:01:42]} 22. Bc2
{[%clk 0:00:06]} Bxc2 {[%clk 0:01:41]} 23. Qxc2 {[%clk 0:00:07]} Qe1+
{[%clk 0:01:42]} 24. Nf1 {[%clk 0:00:05]} Bd6 {[%clk 0:01:35]} 25. Bxd6 Nxd6
{[%clk 0:01:36]} 26. axb5 {[%clk 0:00:05]} cxb5 {[%clk 0:01:37]} 27. Qd2
{[%clk 0:00:07]} Qb1 {[%clk 0:01:34]} 28. Qe2 {[%clk 0:00:05]} Nc4
{[%clk 0:01:33]} 29. g3 {[%clk 0:00:05]} Qxb2 {[%clk 0:01:33]} 30. Qe8+
{[%clk 0:00:06]} Kg7 {[%clk 0:01:34]} 31. h4 {[%clk 0:00:06]} h5 {[%clk 0:01:30]}
32. Kg2 {[%clk 0:00:05]} a4 {[%clk 0:01:28]} 33. Nh2 {[%clk 0:00:03]} a3
{[%clk 0:01:22]} 34. g4 {[%clk 0:00:05]} a2 {[%clk 0:01:09]} 35. gxh5
{[%clk 0:00:06]} gxh5 {[%clk 0:01:08]} 36. Nf3 {[%clk 0:00:04]} a1=Q
{[%clk 0:01:08]} 0-1